[Event "GER CupT final"]
[Site "Baden-Baden"]
[Date "2005.04.17"]
[Round "?.3"]
[White "Lutz, Christopher"]
[Black "Dautov, Rustem"]
[Result "1/2-1/2"]
[WhiteElo "2614"]
[BlackElo "2609"]
[Annotator "Dautov,R"]
[PlyCount "133"]
[EventDate "2005.04.17"]
[EventType "team"]
[EventRounds "1"]
[EventCountry "GER"]
[SourceTitle "CBM 106"]
[Source "ChessBase"]
[SourceDate "2005.06.06"]
[SourceVersion "1"]
[SourceVersionDate "2005.06.06"]
[SourceQuality "1"]
[WhiteTeam "Porz"]
[BlackTeam "Baden Oos"]
[WhiteTeamCountry "GER"]
[BlackTeamCountry "GER"]

{[%mdl 32768]} 1. e4 e5 2. Nf3 Nc6 3. Bb5 Nf6 {Back to the roots! Vor 15
Jahren habe ich regelmäßig die Berliner Variante gespielt, bevor mich die
klare Caro-Kann-Struktur für lange Zeit an sich gefesselt hat.} 4. O-O Nxe4 5.
d4 Nd6 6. Bxc6 dxc6 7. dxe5 Nf5 8. Qxd8+ Kxd8 9. Nc3 Ne7 {Die moderne
Behadlung der Variante. Früher zog ich automatisch 9...Ke8, aber wie die
inzwischen vielzähligen Berliner-Spezialisten entdeckt haben und wie die
Partie bestätigen wird, gibt es für den schwarzen König bessere Routen.} 10. h3
h6 11. Bd2 $1 {Eine gute Neuerung. Vor kurzem hat Christopher sehr überzeugend
gegen Votava gewonnen, mit dem Textzug will er seinen Plan beschleunigen.} (11.
a3 Ng6 12. Re1 Bd7 13. Bd2 b6 14. Ne4 Kc8 15. Rad1 c5 16. Ng3 Be6 17. Nh5 Kb7
18. g4 Rd8 19. Bc3 Bd5 20. Nh2 Be7 21. f4 {Weiß hat seinen f-Bauern aufgerollt
und steht klar besser.} Rhg8 22. f5 Nh4 23. Nf4 $16 {Lutz,C-Votava,J/
Bundesliga 2004-05}) 11... Bf5 {Der Angriff auf den Bauern c2 sieht logisch
aus, aber auf f5 steht der schwarze Läufer recht unsicher.} (11... Bd7 12. Rfe1
$14) 12. Rac1 $1 (12. Nd4 Bg6 13. f4 c5 14. Nb3 b6 15. Rac1 h5 $15) 12... Ng6
$6 {Hier sollte Schwarz nach einer Verbesserung suchen, die Aufstellung
Bf5+Ng6 wirkt recht unharmonisch.} (12... Nd5 13. Ne2 $14) 13. Rfe1 {/\Nd4} c5
(13... Bb4 14. Nd4 Bd7 15. e6 c5 16. Nf5 fxe6 17. Nxg7 $16) 14. Ne4 $6 {
Zu schematisch gespielt. Christopher sollte seine Chance nutzen und den
f-Bauern direkt in Bewegung setzen.} (14. g4 $1 Bd7 15. Nh2 $1 c4 (15... h5 16.
f4 hxg4 17. hxg4 $14) 16. f4 Bc5+ 17. Kg2 Bc6+ 18. Kg3 h5 19. Nf3 h4+ 20. Kg2
Bd4 21. Rcd1 Ke8 22. Bc1 Bxc3 23. bxc3 Ne7 $14) 14... Be6 15. c4 $6 {Dieser
vorgerückte Bauer wird bald zur Zielscheibe des schwarzen Gegenspiels. Die
eventuelle Drohung Bxa2 sollte am besten mit dem vorsichtigen a2-a3 abgewehrt
werden.} (15. Ng3 $1 a5 $5 (15... Bxa2 $2 16. b3 c4 17. Re3 $16) 16. a3 Kd7 17.
Nh5 $13) 15... Be7 (15... Kd7 $142 $1) 16. b3 (16. Rcd1 $5 Kc8 17. b3 $11)
16... Kd7 $1 {Der schwarze König findet eine Traumposition auf c6.} 17. Rcd1 (
17. Nc3 Kc6 18. Be3 Rhd8 19. Red1 a6 20. a4 $11) (17. Ng3 $5) 17... Kc6 18. Ng3
Rhd8 $1 {Das ist viel besser als das standardmäßige 18...h5 mit Ausgleich.
Schwarz strebt nach mehr.} (18... h5 $11) 19. Nh5 Bf8 20. Bc3 a6 $15 {Alle
offensichlichen und versteckten Vorteile der Berliner Mauer kamen zum
Vorschein: das Läuferpaar, der aktive König, das aktive Spiel auf dem
Damenflügel.} 21. a4 b5 $2 {Verschenkt ein wertvolles Tempo.} ({Nach} 21...
Rxd1 $1 22. Rxd1 b5 23. axb5+ axb5 24. cxb5+ Kxb5 25. Nd2 $15 {steht der
schwarze Turm bereits richtig auf der a-Linie.}) 22. axb5+ axb5 23. cxb5+ Kxb5
24. Rxd8 Rxd8 25. Nd2 Ra8 {Auf der a-Linie hat der schwarze Turm die besten
Möglichkeiten. Weniger klar erschien mir das naheliegende 25...Rd3.} (25...
Bxb3 $2 26. Nxb3 Kc4 27. Re3 Kxb3 28. e6 $132) (25... Rd3 26. Rc1 Be7 27. f4 $1
$13 (27. Kf1 Bg5 28. Ke2 Bxd2 29. Bxd2 Rxb3 $15)) 26. g4 $1 {Weiß startet
rechtzeitig sein Gegenspiel. Die Drohung f4-f5 muß ernst genommen werden.} Ne7
$6 {Während der Partie dachte ich, daß Schwarz ohne diesen Springer seinen
Druck auf dem Damenflügel nicht verstärken kann. FRITZ dagegen sucht sofort
nach der Möglichkeit, einen Freibauern zu bilden, und es sieht so aus, als ob
er Recht hätte. Die günstige Matchsituation (Baden-Baden führte passend zur
Eröffnung dieser Partie nach Berliner Wertung) zwang mich hier dazu, Remis
anzubieten.} (26... Rd8 $5 {/\Rd3,><h3} 27. Re3 c4 28. bxc4+ Bxc4 29. Nxc4 Kxc4
30. Ba5 Rd1+ 31. Kg2 c5 $15) (26... Bxb3 $5 27. Nxb3 Ra3 28. Nxc5 Kxc5 29. Rc1
Kd5 $15) 27. Nf4 {Christopher sah, daß das Match für Porz kritisch steht und
beschloß deswegen weiter zu spielen.} (27. f4 $6 Nd5 28. f5 Bxf5 29. gxf5 Nxc3
$15) 27... g5 {Es fiel mir sehr schwer, den schönen weißfeldrigen Läufer
abtauschen zu lassen, aber ich wollte unbedingt die weißen Bauern fixieren.} (
27... Nd5 28. Nxd5 Bxd5 29. f4 Ra2 (29... Bxb3 30. Nxb3 Ra3 31. Rd1 Rxb3 32.
Rd8 Be7 33. Re8 $132) 30. Kf1 Rc2 31. Re3 $11) 28. Nxe6 fxe6 29. Nc4 Nd5 30.
Bd2 Ra2 31. Kg2 Nb6 32. Re4 $2 $138 {Hier steht der weiße Turm schlecht. Mit
dem genauen 32.Rc1! konnte Weiß ausgleichen, aber wir befanden uns bereits in
der gegenseitigen Zeitnotphase.} (32. Rc1 $1 Kc6 (32... Nxc4 33. bxc4+ Ka4 34.
Be3 Kb3 35. Kg3 Ra4 36. h4 $11) (32... Bg7 33. Be3 Nd5 34. Kf3 Kb4 35. Ke4 $11)
33. Be3 Kd5 34. Rd1+ Ke4 35. Rd8 Nxc4 36. bxc4 Bg7 $11) 32... Kc6 $2 $138 {
Die ungünstige Stellung des weißen Turmes ließ sich am besten mit 32...Sxc4!
ausnutzen.} (32... Nxc4 $1 33. bxc4+ Ka4 34. Be3 (34. Be1 Kb3 35. h4 Rc2 $17)
34... Kb3 35. h4 Be7 36. hxg5 hxg5 37. Kg3 Re2 $1 38. Kf3 (38. f4 $2 Kc2 39.
Kf3 Kd3 $19) 38... Rc2 $17) 33. Be1 Kd5 34. Kf3 Ra1 35. Ba5 $2 (35. Ne3+ Kc6
36. Nc4 $11) 35... Kc6 36. Bd2 Rh1 37. Kg2 Rd1 38. Ba5 $2 (38. Re2 $1 $11)
38... Rd3 $17 39. Re3 Rxe3 40. Nxe3 Kb5 $6 {Der letzte Zug vor der
Zeitkontrolle ist eine Ungenauigkeit. Mit 40...Bg7! könnte Schwarz den Bauern
e5 gewinnen.} (40... Bg7 $1 41. Bc3 (41. Nc4 Kb5 $17) (41. h4 Bxe5 42. hxg5
hxg5 43. Nc4 Bf4 44. Kf3 Kb5 $17) 41... Nd5 $17) 41. Bc3 c4 42. bxc4+ Nxc4 43.
Kf3 c5 $2 {Erneut war 43...Bg7! angezeigt. Nach dem Textzug kann sich Weiß mit
genauem Spiel retten.} (43... Bg7 $1 44. Ke4 Nxe3 45. Kxe3 Kc4 $17 46. Bb2 c5
47. f4 gxf4+ 48. Kxf4 Kd3 49. g5 c4 $19) 44. Ng2 $1 {Hier steht der Springer
goldrichtig, er unterstützt die beiden Bauernvorstöße h3-h4 und f2-f4.} (44.
Ke4 $2 Nxe3 45. Kxe3 Kc4 $17) 44... Nb6 (44... Ka4 45. Ke4 Kb3 46. Be1 $132 {
/\f4}) 45. h4 $1 Nd5 46. Bd2 Be7 47. hxg5 hxg5 48. Ke2 (48. Ke4 $5 c4 49. f4 c3
50. Bc1 gxf4 51. Nxf4 Bg5 52. Ne2 Bxc1 53. Nxc1 Kc4 54. g5 $11) 48... c4 49. f4
$1 (49. Ne1 $2 c3 50. Bc1 Kc4 51. Nf3 Nf4+ 52. Bxf4 gxf4 53. g5 Bf8 $17) 49...
c3 50. Bc1 gxf4 51. Nxf4 Nxf4+ 52. Bxf4 Kc4 {Hier hätte Lutz das Remis schwer
ablehnen können, aber ich wollte trotz der Befürchtungen meiner Teamkollegen
noch ein paar Gewinnversuche unternehmen.} 53. Bc1 $1 {Trotz knapper Zeit
spielt Christopher sehr genau. Das Feld c1 ist der richtige Platz für den
Läufer, der schwarze König darf nicht auf b1 gelangen.} (53. g5 Bf8 $1 (53...
Kb3 54. Kd3 Kb2 55. Kc4 $11) 54. g6 Bg7 55. Ke3 $2 (55. Bc1 $1 $11) 55... c2
56. Ke4 Kb3 57. Kd4 Ka2 58. Kc5 Bxe5 59. Be3 Kb1 60. Kc6 Bg7 $19) 53... c2 {
Auch das etwas listigere 53...Bf8 brachte keinen Gewinn.} (53... Bf8 54. g5 Bg7
55. g6 Kb3 (55... Bxe5 56. Bh6 c2 57. Kd2 Kb3 58. Kd3 $11) (55... Kd4 56. Bf4
Ke4 57. Bg3 Bh6 58. Be1 Kd4 59. Bf2+ $11) 56. Kd3 Bxe5 57. Bh6 $8 (57. Bg5 $2
Bg7 58. Bc1 e5 $19) 57... c2 58. Bc1 $11) 54. g5 Bf8 55. g6 Bg7 56. Kd2 Kb3 57.
Kd3 Bxe5 58. Kd2 $1 Bg7 (58... Bf4+ 59. Kd3 Bxc1 60. g7 $11) 59. Kd3 Bc3 60.
Bh6 Bb2 61. Bc1 Bg7 62. Kd2 e5 63. Kd3 Bf6 64. Kd2 Bg7 65. Kd3 Bf8 66. Kd2 Bg7
67. Kd3 1/2-1/2

[Event "Dortmund op-A"]
[Site "Dortmund"]
[Date "1992.??.??"]
[Round "11"]
[White "Mainka, Romuald"]
[Black "Dautov, Rustem"]
[Result "0-1"]
[WhiteElo "2455"]
[BlackElo "2610"]
[Annotator "Dautov,R"]
[PlyCount "60"]
[EventDate "1992.04.??"]
[EventType "swiss"]
[EventRounds "11"]
[EventCountry "GER"]
[SourceTitle "CBM 029"]
[Source "ChessBase"]
[SourceDate "1992.08.01"]
[SourceVersion "1"]
[SourceVersionDate "1992.08.01"]
[SourceQuality "1"]

1. e4 e5 2. Nf3 Nc6 3. Bb5 Nf6 4. O-O Nxe4 5. d4 Nd6 6. Bxc6 dxc6 7. dxe5 Nf5
8. Qxd8+ Kxd8 9. Nc3 Ke8 10. h3 h6 11. b3 a5 $5 (11... Be6 12. Bb2 (12. g4 Bb4
13. Bb2 Ne7 14. Nd4 Bxc3 15. Bxc3 c5 16. Ne2 {1/4:1/4 Luther,T-Smeikal,J
Altensteig 1990}) 12... Bb4 13. Ne2 a5 14. Nf4 Bd5 15. Nxd5 cxd5 16. g4 Ne7 17.
e6 fxe6 18. Bxg7 Rh7 19. Bb2 Ng6 20. Ne5 Nf4 21. Kh2 Ke7 22. Bc1 Ne2 23. f4 Bc3
24. Rb1 Nxc1 25. Rbxc1 Bxe5 26. fxe5 Rg8 $10 {Dolmatov,S-Smeikal,J Polaniza
Zdroj 1991}) 12. Bb2 Bb4 $5 13. Ne2 h5 $1 14. Nf4 a4 $10 {<=><<} 15. a3 $2 (15.
Nd3 $142 Be7 16. Nd2 h4 $10) 15... Be7 16. b4 Rh6 $1 $15 {/\g5} (16... g5 17.
e6 f6 18. Ng6 Rh6 19. Nxe7 Kxe7 20. Rfe1 Bxe6 21. g4 hxg4 22. hxg4 Ng7 23. Nxg5
Rah8 $13 (23... Rg6 $2 24. f4 $16)) 17. Rad1 g5 18. Ne2 $2 (18. Nd3 $142 $15)
18... c5 19. bxc5 Ra5 (19... Rc6 $5 $17) 20. Bc1 Rg6 21. Nc3 g4 (21... Rxc5 22.
Ne4 Rxc2 23. Bxg5 $132) 22. hxg4 hxg4 23. Nd2 $1 Rxc5 24. Nde4 Rc4 (24... Rxe5
25. Bf4 Ree6 26. Bxc7 Rc6 27. Bf4 Bxa3 28. Nxa4 Rxc2 29. Nac3 $44) 25. Rfe1 c6
$5 (25... Be6 26. Nd5 Bxd5 27. Rxd5 $132 {/\Ra5}) 26. Bb2 $2 (26. Nf6+ $142 Kf8
(26... Bxf6 $2 27. exf6+ Be6 28. Ne4 {/\Bf4-c7}) 27. Nce4 (27. Bb2 $2 g3 $1 $17
) 27... Rxc2 28. Rd3 Kg7 $1 29. Nh5+ (29. Red1 Bxf6 30. exf6+ Rxf6 31. Nxf6
Kxf6 $17) 29... Kh8 30. Red1 c5 $22 31. Nhf6 Nd4 32. Be3 Bf5 33. Bxd4 Bxf6 $17)
26... Re6 $1 27. Nd2 (27. Nf6+ Bxf6 28. exf6 b5 $17) 27... Rc5 28. Nxa4 Rxc2 {
/\b5} 29. Nb6 $2 g3 $19 30. Nxc8 Bc5 $1 0-1

[Event "BL2-West 9495"]
[Site "Germany"]
[Date "1995.??.??"]
[Round "5.1"]
[White "Haba, Petr"]
[Black "Dautov, Rustem"]
[Result "0-1"]
[WhiteElo "2505"]
[BlackElo "2625"]
[Annotator "Dautov,R"]
[PlyCount "74"]
[EventDate "1994.10.??"]
[EventType "team-tourn"]
[EventRounds "9"]
[EventCountry "GER"]
[SourceTitle "GER-chT2"]
[Source "ChessBase"]
[SourceDate "1999.07.01"]
[SourceVersion "1"]
[SourceVersionDate "1999.07.01"]
[SourceQuality "1"]
[WhiteTeam "Porz II"]
[BlackTeam "Gelsenkirchen"]
[WhiteTeamCountry "GER"]
[BlackTeamCountry "GER"]

1. e4 e5 2. Nf3 Nc6 3. Bb5 Nf6 4. O-O Nxe4 5. d4 Nd6 6. Bxc6 dxc6 7. dxe5 Nf5
8. Qxd8+ Kxd8 9. Rd1+ Ke8 10. Nc3 Be7 $5 {N} (10... h6 11. h3 $14) (10... Be6
11. Ng5 $14) 11. b3 a5 12. Bb2 h5 13. a4 (13. Ne4 a4 14. Neg5 c5 $10) (13. Ne2
a4 $10) 13... Be6 (13... Rh6 $5 {/\} 14. Ne4 c5 15. c4 Rb6 16. Rd3 Be6 17. Ba3
Rd8 $10) 14. Ne2 (14. Ne4 Bd5 15. Neg5 Rd8 16. c4 Be6 $10) 14... Bd5 15. Ne1
Rd8 16. c4 (16. Nf4 g5 17. Nxh5 $6 (17. Ne2 c5 $10) 17... Rxh5 18. g4 Rh4 19.
gxf5 Rf4 20. c4 (20. f6 $2 Bc5 21. Nd3 Rg4+ 22. Kf1 Bg2+ 23. Ke2 Re4+ 24. Kd2
Bxf2 $17) 20... Be4 21. Rxd8+ Kxd8 22. Rd1+ Ke8 (22... Kc8 $5) 23. Bc3 $1 (23.
f6 $2 Bc5 24. Rd2 Bb4 25. Re2 Bxe1 26. Rxe1 Rg4+ 27. Kf1 Bd3+ $19) 23... Bb4
24. Bxb4 axb4 25. f6 Rf5 26. Nd3 Bxd3 27. Rxd3 Rxe5 $10) 16... Be6 $10 {><b3,d4
} 17. Bc3 b6 18. Nc2 $6 (18. Nf3 {>=} Bc5 (18... c5 19. Nf4 c6 20. Nxe6 fxe6
$10) 19. Rxd8+ Kxd8 20. Rd1+ Kc8 (20... Ke7 $6 21. Bd2 $1) 21. Nf4 Be7 22. Nxe6
fxe6 $10) 18... Bc5 19. Rxd8+ (19. Ncd4 Bxd4 20. Nxd4 Nxd4 21. Bxd4 c5 22. Be3
Ke7 23. Bg5+ f6 24. exf6+ gxf6 25. Bf4 Rxd1+ 26. Rxd1 Rd8 27. Rxd8 Kxd8 $17 {
/\Bf5-c2}) 19... Kxd8 20. Nf4 Kc8 (20... Ke7 $2 21. Nd3 $16) 21. Nxe6 (21. Kf1
g5 22. Nxe6 fxe6 23. Ke2 Rf8 24. Rf1 Nh4 25. Ne1 Bb4 26. Bxb4 axb4 27. g3 Nf5
28. Nc2 c5 29. Rd1 Ne7 $17 {><e5}) 21... fxe6 22. Rd1 Rf8 {|^>>,פc2} 23. Rd2
g5 24. g3 {/\Kg2,f3} g4 25. Kg2 Kb7 26. h4 $2 (26. Rd7 $4 Nh4+ $1 $19) (26. Nd4
$2 Nxd4 27. Bxd4 Bb4 28. Re2 Rd8 29. Re4 c5 $17) (26. h3 $1 Rf7 27. hxg4 hxg4
28. Re2 Ka6 (28... Rd7 29. Rd2 Rf7 $10) 29. Be1 Rd7 (29... b5 $6 30. cxb5+ cxb5
31. axb5+ Kxb5 32. Re4 $14 {><g4}) 30. Rd2 Rf7 31. Re2 $10) 26... Rf7 {/\Ka6,b5
} 27. Ne1 Bb4 $1 $17 28. Bxb4 axb4 29. Nd3 (29. Nc2 c5 30. Rd8 Nd4 31. Nxd4
cxd4 32. Rxd4 Rf3 $17) 29... c5 30. Nf4 $2 $138 Nxh4+ $1 31. Kf1 Nf3 $19 32.
Rd8 Nd4 33. Rh8 Rf5 34. Rxh5 Nxb3 35. Rxf5 exf5 36. Ke2 Na5 37. Kd3 b3 $138 0-1

[Event "Brno Morava-A"]
[Site "Brno"]
[Date "1991.??.??"]
[Round "7"]
[White "Polgar, Judit"]
[Black "Dautov, Rustem"]
[Result "0-1"]
[WhiteElo "2550"]
[BlackElo "2595"]
[Annotator "Dautov,R"]
[PlyCount "70"]
[EventDate "1991.09.??"]
[EventType "tourn"]
[EventRounds "9"]
[EventCountry "CSR"]
[EventCategory "13"]
[SourceTitle "CBM 026"]
[Source "ChessBase"]
[SourceDate "1992.02.01"]
[SourceVersion "1"]
[SourceVersionDate "1992.02.01"]
[SourceQuality "1"]

1. e4 e5 2. Nf3 Nc6 3. Bb5 Nf6 4. O-O Nxe4 5. d4 Nd6 6. Bxc6 dxc6 7. dxe5 Nf5
8. Qxd8+ Kxd8 9. b3 a5 10. Nc3 Ke8 11. h3 Bb4 12. Bb2 Bxc3 13. Bxc3 c5 $10 14.
Rad1 h6 15. Nd2 $5 (15. g4 $6 Ne7 16. Nh2 (16. e6 f6 $1 17. Rfe1 Ra6) 16... h5
17. f4 hxg4 18. hxg4 Rh3 $15) (15. e6 Bxe6 16. g4 Nd4 17. Bxd4 cxd4 18. Nxd4
Ke7 $10) 15... h5 $1 (15... Be6 $6 16. Ne4 b6 17. g4 Ne7 18. f4 h5 19. f5 Bd5
20. Rfe1 hxg4 21. Nf6+ gxf6 22. exf6 $36) 16. Ne4 b6 17. Ng5 Ke7 18. Rd2 (18.
Rd3 $5 {Polgar,J} Ba6 (18... a4 $1 19. Rfd1 (19. b4 $2 cxb4 20. Bxb4+ c5 21.
Bc3 Ba6 22. Rf3 Bxf1 23. Rxf5 Bc4 $17) 19... axb3 20. axb3 h4 {/\ Ra2 <=>}) 19.
Rf3 Nh6 20. Re1 Rhd8 21. e6 f6 22. Nh7 $1 $16 {/\ Nf6, /\ Rg3}) 18... h4 $1 {
/\ Rh5} (18... Be6 $6 19. Rfd1 Rhd8 20. Rxd8 Rxd8 21. Rxd8 Kxd8 22. Nxe6+ fxe6
$14) (18... a4 $6 19. b4 $1 cxb4 20. Bxb4+ c5 21. Bc3 {/\ Rb1}) 19. Rfd1 Rh5
20. Ne4 (20. f4 $6 Be6 21. Nxe6 Kxe6 $17) (20. Nf3 Be6 $6 (20... Ke6 $1 {
/\ ...Bb7=}) 21. Rd3 $1 g5 22. Bd2 Rg8 23. Nh2 {/\ Ng4-f6}) 20... Bb7 $1 21.
Rd7+ $2 (21. Re1 Rd8 22. Rxd8 Kxd8 23. f3 Ke7 {/\ ...Rh8-d8 =/+ >< c2}) 21...
Ke6 22. Nxc5+ bxc5 23. Rxc7 Rb8 $1 (23... Be4 24. f3 Bxc2 25. Rd2 Bb1 26. Rxc5
$15) 24. f3 Rg5 25. Rd3 Nd4 26. Bxd4 cxd4 27. Rxd4 $2 (27. Kf2 Rxe5 28. Rxd4)
27... Bxf3 $19 28. Rd6+ Kxe5 29. Rd2 f5 $1 30. Rc5+ Ke6 31. Rxa5 Ra8 32. Rc5 $2
Rxa2 33. b4 Be4 34. b5 Ra1+ 35. Kh2 Rg3 $1 {/\ 36...Rxh3+} 0-1

[Event "WchT 4th"]
[Site "Luzern"]
[Date "1997.10.31"]
[Round "7.1"]
[White "Kotsur, Pavel"]
[Black "Ivanchuk, Vassily"]
[Result "0-1"]
[WhiteElo "2500"]
[BlackElo "2725"]
[Annotator "Donev,I"]
[PlyCount "74"]
[EventDate "1997.10.25"]
[EventType "team-tourn"]
[EventRounds "9"]
[EventCountry "SUI"]
[SourceTitle "CBM 062"]
[Source "ChessBase"]
[SourceDate "1998.01.31"]
[SourceVersion "1"]
[SourceVersionDate "1998.01.31"]
[SourceQuality "1"]
[WhiteTeam "Kazakhstan"]
[BlackTeam "Ukraine"]
[WhiteTeamCountry "KAZ"]
[BlackTeamCountry "UKR"]

1. e4 e5 2. Nf3 Nc6 3. Bb5 Nf6 4. O-O Nxe4 5. d4 Be7 6. Qe2 Nd6 7. Bxc6 bxc6 8.
dxe5 Nb7 9. Nc3 O-O 10. Be3 d5 11. exd6 cxd6 {[%csl Yd5,Ye5][%cal Yc6d5,Yd6e5]
Weiß hat die bessere Bauernstruktur - zwei weiße gegen drei schwarze
Bauerninseln. Schwarz besitzt das Läuferpaar und kontrolliert die
Zentralfelder d5 und e5.} 12. Nd4 Bd7 13. b4 $6 {Weiß will versuchen den
eigenen b- mit dem gegnerischen c- Bauer zu tauschen. Diese Idee (b2-b4-b5)
gefällt mir nicht, weil dadurch die weiße und schwarze Bauernstruktur
gleichwertig werden. Außerdem wird die Stellung noch mehr geöffnet, und dies
wäre für das schwarze Läuferpaar ideal.} (13. Qf3 $142 d5 14. Rad1) 13... Re8
14. b5 cxb5 15. Ncxb5 Bf6 16. Rad1 a6 17. Nc3 Qa5 $1 $15 {Plötzlich sind die
schwarzen Figuren sehr aktiv geworden.} 18. Qf3 {[%cal Yc3d5,Yf3d5]
Selbstverständlich tauscht Ivanchuk den eigenen passiven Nb7 für den aktiveren
weißen Nc3, der übrigens nach d5 wollte.} Qxc3 19. Qxb7 Red8 20. Rd3 Qc4 21. a3
d5 ({Noch mehr hätte Schwarz nach:} 21... Rab8 $1 22. Qf3 Ba4 $17 {[%cal Ya4c2]
erreichen können.}) 22. Qb4 Rac8 23. Qd2 Re8 24. h3 Be7 25. Rb1 Bf8 26. Rbb3
Ba4 27. Rb2 Qc7 28. Bf4 Qe7 29. Be3 Rb8 30. Rxb8 Rxb8 31. Qa5 Rb1+ 32. Kh2 Qd6+
33. g3 Bd7 34. Nb3 Bf5 35. Bc5 (35. Rxd5 Be4 $19 {[%cal Ye4d5,Ye4h1,Yb1h1]})
35... Bxd3 $1 36. cxd3 ({Falls Weiß das Damenopfer annehmen würde, könnten wir
Zeugen eines hübschen Mattbildes werden:} 36. Bxd6 Be4 $1 {[%cal Yb1h1,Ye4h1]}
37. f3 Bxf3 38. g4 Bxd6#) 36... Qf6 37. Nd2 Rb5 0-1